Dicionário da língua portuguesa (Registo nº 4437)

Detalhes MARC
000 -Etiqueta do registo
Cabeçalho 00773cam a2200265 4500
005 - Identificador da versão
Campo de controlo 20240813122101.0
035 ## - Other System Control Numbers
System Control Number (bn)7678
System Control Number 7678
100 ## - Dados gerais de processamento
Dados gerais de processamento 19790501d19791995m y0pory5003 ba
102 ## - Pais de publicação ou produção
País de publicação Portugal
101 0# - Língua de publicação
Língua do texto, banda sonora, etc. Português
215 ## - Descrição física 
Indicação específica da natureza do documento e extensão da espécie 1556 p.
Dimensões 21 cm
200 1# - Titulo e menção de responsabilidade
Título próprio Dicionário da língua portuguesa
Primeira menção de responsabilidade J. Almeida Costa, A. Sampaio e Melo
225 1# - Colecção 
Título próprio da colecção Dicionários Editora
205 ## - Menção da edição
Menção da edição 7a ed. muito corrigida e aumentada
210 ## - Publicação, Distribuição, etc. 
Lugar da edição, distribuição, etc. Porto
Nome do editor, distribuidor, etc. Porto Editora
Data da publicação, distribuição, etc. 1995
606 ## - Nome comum usado como assunto
Número de registo de entrada de autoridade 0001267
Palavra de ordem Língua portuguesa
Subdivisão de assunto [Dicionários]
Código do sistema SIPOR
675 ## - Classificação Decimal Universal (CDU)
Notação 811.134.3(038)
Edição BN
Língua da edição por
701 #1 - Nome de autor-pessoa física (co-responsabilidade principal)
Palavra de ordem Melo
Outra parte do nome não tomada para palavra de ordem A. Sampaio e
Código de função Autor / Co-autor
700 #1 - Nome de autor-pessoa física (responsabilidade principal)
Número de registo de entrada de autoridade 0001268
Palavra de ordem Costa
Outra parte do nome não tomada para palavra de ordem Joaquim Almeida
966 ## - Identificação da Biblioteca
Sigla EBVendas
942 ## - Elementos de entrada adicionados (Koha)
Tipo de item no Koha Livro
Exemplares
Situação do levantamento Origin of item (home branch) (coded) Biblioteca de empréstimo Código de barras Cota Circulation type (not for loan) Tipo de documento Nota do exemplar Damaged status
  Biblioteca Escolar das Vendas Biblioteca Escolar das Vendas BEV1424 | 1995 0 DIC   Livro Sem mensagem